The Library of Egyptian Museum /
Main Author:
Format: Book
Language:
English
Arabic
Published:
Cairo :
General Organization for Governement Printing Offices,
1988.
Series:
Supplement aux Annales du Service des Antiquites de l'Egypte ;
32.
SASAE ;
32.
Subjects:
Tags: Add Tag
Call Number: DT57 .A21 v.32
| LEADER | 01051namaa2200301 4500 | ||
|---|---|---|---|
| 001 | 18994 | ||
| 003 | OSt | ||
| 005 | 20260330120633.0 | ||
| 008 | 130303s1988 ua af 000 0 eng d | ||
| 040 | |c ARCE Library | ||
| 041 | 0 | |a eng |a ara | |
| 043 | |a f-ua--- | ||
| 050 | 4 | |a DT57 .A21 v.32 | |
| 100 | 1 | |a Abou-Ghazi, Diaʼ, |e author | |
| 245 | 1 | 4 | |a The Library of Egyptian Museum / |c by Diaʼ Abou-Ghazi. |
| 264 | 1 | |a Cairo : |b General Organization for Governement Printing Offices, |c 1988. | |
| 300 | |a 58 pages, xxxii leaves of plates : |b illustrations ; |c 24 cm. | ||
| 490 | 1 | |a Supplement aux Annales du Service des Antiquites de l'Egypte ; |v 32. | |
| 490 | 1 | |a SASAE ; |v 32. | |
| 500 | |a History of the library on the 80th anniversary of the building. | ||
| 546 | |a English and Arabic. | ||
| 610 | 2 | 0 | |a Matḥaf al-Miṣrī. |b Maktabah |x History. |
| 650 | 0 | |a Libraries |z Egypt. | |
| 830 | 0 | |a Supplement aux Annales du Service des Antiquites de l'Egypte ; |v 32. | |
| 830 | 0 | |a SASAE ; |v 32. | |
| 901 | |a reviewed | ||
| 942 | |c BK |2 lcc | ||
| 999 | |c 16024 |d 16024 | ||
